[Event "Asian Nation Cup Open 2018"]
[Site "Hamedan"]
[Date "2018.07.28"]
[Round "1"]
[White "Sethuraman, S P"]
[Black "Khoroshev, Nikita"]
[Result "1-0"]
[WhiteElo "2657"]
[BlackElo "2424"]
[Annotator "TA"]
[PlyCount "51"]
[EventDate "2018.07.27"]
[EventType "swiss"]
[EventCountry "IRI"]
[SourceTitle "playchess.com"]
[Source "ChessBase"]
[SourceQuality "1"]
[WhiteTeam "India"]
[BlackTeam "Uzbekistan"]
[WhiteTeamCountry "IND"]
[BlackTeamCountry "UZB"]

{[%evp 11,51,35,58,46,50,43,53,38,31,31,36,29,45,41,83,33,36,29,22,20,20,0,0,0,0,0,61,53,77,72,69,77,94,87,143,116,269,100,293,48,302,292]} 1. e4 e6 2. d4 d5 3. Nc3 Nc6 4. Nf3 Nf6 5. e5 Ne4 6. Ne2 h5 {LiveBook: 4 Games. C10: French with 3 Nc3: Unusual Black 3rd moves and 3...dxe4} (6... f6 7. exf6 Nxf6 8. Ng3 Bd6 9. Bb5 O-O 10. Bxc6 bxc6 11. O-O c5 12. c3 cxd4 13. cxd4 c5 14. dxc5 Bxc5 15. Be3 Bxe3 16. fxe3 {1-0 (38) Pichot,A (2544)-Agdestein,S (2602) Doha 2016}) 7. h4 Ne7 8. g3 $146 ({Predecessor:} 8. c3 Nf5 9. g3 b6 10. Bh3 Be7 11. Bf4 a5 12. Nfg1 g5 13. hxg5 Nxg5 14. Bxf5 exf5 15. Bxg5 Bxg5 {1-0 (33) Skripchenko,A (2449)-Levacic,P (2307) Le Port Marly 2009}) 8... c5 {White is slightly better.} 9. Bh3 (9. Bg2 {keeps more tension.} Bd7 10. O-O Qc7 11. Ng5 Nxg5 12. Bxg5 cxd4 13. Nxd4 Ng6 14. f4) 9... Nc6 10. c3 cxd4 11. cxd4 Be7 12. O-O Bd7 13. Kg2 g5 14. hxg5 Nxg5 15. Nxg5 Bxg5 16. f4 Be7 17. f5 exf5 18. Bxf5 Bxf5 (18... Be6 $11) 19. Rxf5 $14 Qd7 20. Qf1 $1 O-O-O 21. Be3 ({Of course not} 21. Rxf7 h4 $11) 21... Rdg8 22. Qf3 h4 {[#]} ({Better is} 22... a6) 23. g4 $1 $16 Nd8 $2 {[#]} (23... Nb4 $16 {was worth a try.}) 24. Kh3 $2 (24. Nc3 $1 $18) 24... Rh7 $2 (24... Ne6 $16 {keeps fighting.}) 25. Rg1 $2 (25. Nc3 $18) 25... Rhg7 $2 {[%mdl 8192]} ({Black should try} 25... Ne6 $1 $14) 26. Nc3 {Precision: White = 52%, Black = 35%.} 1-0

[Event "Asian Nation Cup Open 2018"]
[Site "Hamedan"]
[Date "2018.07.28"]
[Round "1"]
[White "Gupta, Abhijeet"]
[Black "Abdisalimov, Abdimalik"]
[Result "1/2-1/2"]
[WhiteElo "2614"]
[BlackElo "2331"]
[Annotator "ChessBase"]
[PlyCount "40"]
[EventDate "2018.07.27"]
[EventType "swiss"]
[EventCountry "IRI"]
[SourceTitle "playchess.com"]
[Source "ChessBase"]
[SourceQuality "1"]
[WhiteTeam "IND"]
[BlackTeam "UZB"]
[TimeControl "40/5400+30:1800+30"]

1. d4 {[%emt 0:00:00]} Nf6 {[%emt 0:00:26]} 2. c4 {[%emt 0:00:00]} e6 {[%emt 0:00:09]} 3. Nc3 {[%emt 0:00:11]} Bb4 {[%emt 0:00:09]} 4. e3 c5 {[%emt 0:01:25]} 5. Nge2 {[%emt 0:00:39]} cxd4 {[%emt 0:00:16]} 6. exd4 {[%emt 0:00:08]} O-O {[%emt 0:00:05]} 7. a3 {[%emt 0:00:26]} Be7 {[%emt 0:00:10]} 8. Nf4 {[%emt 0:00:38]} d5 {[%emt 0:00:18]} 9. cxd5 {[%emt 0:00:10]} Nxd5 {[%emt 0:00:07]} 10. Ncxd5 {[%emt 0:00:07]} exd5 {[%emt 0:00:06]} 11. Bd3 {[%emt 0:00:05]} Nc6 {[%emt 0:09:40]} 12. O-O {[%emt 0:00:32]} Bg5 {[%emt 0:10:48]} 13. Be3 {[%emt 0:05:19]} Bxf4 {[%emt 0:12:37]} 14. Bxf4 {[%emt 0:00:07]} Nxd4 {[%emt 0:02:03]} 15. Bxh7+ {[%emt 0:00:51]} Kxh7 {[%emt 0:00:25]} 16. Qxd4 {[%emt 0:00:04]} Bf5 {[%emt 0:01:50]} 17. Rfe1 {[%emt 0:01:24]} f6 {[%emt 0:08:01]} 18. Rad1 {[%emt 0:02:34]} Re8 {[%emt 0:02:24]} 19. Be3 {[%emt 0:02:37]} a6 20. f3 {[%emt 0:07:39]} Rc8 {[%emt 0:04:51]} 1/2-1/2

[Event "Asian Nation Cup Open 2018"]
[Site "Hamedan"]
[Date "2018.07.28"]
[Round "1"]
[White "Wen, Yang"]
[Black "Gholami, Aryan"]
[Result "1/2-1/2"]
[WhiteElo "2599"]
[BlackElo "2492"]
[Annotator "ChessBase"]
[PlyCount "81"]
[EventDate "2018.07.27"]
[EventType "swiss"]
[EventCountry "IRI"]
[SourceTitle "playchess.com"]
[Source "ChessBase"]
[SourceQuality "1"]
[WhiteTeam "China"]
[BlackTeam "Iran"]
[WhiteTeamCountry "CHN"]
[BlackTeamCountry "IRI"]
[TimeControl "40/5400+30:1800+30"]

1. e4 {[%emt 0:00:00]} c5 {[%emt 0:00:08]} 2. Nf3 {[%emt 0:00:00]} e6 {[%emt 0:00:09]} 3. d4 {[%emt 0:00:00]} cxd4 {[%emt 0:00:25]} 4. Nxd4 {[%emt 0:00:00]} Nc6 {[%emt 0:00:07]} 5. g3 {[%emt 0:00:37]} Bc5 6. Nb3 {[%emt 0:01:40]} Be7 {[%emt 0:00:58]} 7. Bg2 {[%emt 0:02:55]} Nf6 {[%emt 0:01:35]} 8. O-O {[%emt 0:03:27]} O-O {[%emt 0:00:16]} 9. c4 {[%emt 0:05:08]} d6 {[%emt 0:00:06]} 10. Bf4 {[%emt 0:00:19]} a5 {[%emt 0:06:14]} 11. Nc3 {[%emt 0:06:52]} a4 {[%emt 0:01:59]} 12. Nc1 {[%emt 0:00:08]} e5 {[%emt 0:07:38]} 13. Bd2 {[%emt 0:01:54]} Bg4 {[%emt 0:07:40]} 14. N1e2 {[%emt 0:03:23]} Nd4 {[%emt 0:02:25]} 15. Be3 {[%emt 0:04:29]} Nxe2+ {[%emt 0:02:56]} 16. Nxe2 {[%emt 0:00:07]} Qa5 17. Qd3 {[%emt 0:08:47]} Rfc8 {[%emt 0:05:01]} 18. Rab1 {[%emt 0:15:00]} a3 19. b3 b5 20. cxb5 Bd7 21. Rfc1 Bxb5 22. Qd1 Ng4 23. Bd2 Qb6 24. Qe1 Bd3 25. Ra1 d5 26. h3 Nf6 27. exd5 Be4 28. Be3 Qb7 29. Bxe4 Nxe4 30. Qd1 Rd8 31. Nc3 Nxc3 32. Rxc3 Rxd5 33. Qc2 Rad8 34. Rc1 h6 35. h4 R5d7 36. Kh2 Bb4 37. Rc7 Rxc7 38. Qxc7 Qxc7 39. Rxc7 f5 40. Kg2 Bd6 41. Rc4 1/2-1/2

[Event "Asian Nation Cup Open 2018"]
[Site "Hamedan"]
[Date "2018.07.28"]
[Round "1"]
[White "Bai, Jinshi"]
[Black "Javanbakht, Nima"]
[Result "1-0"]
[WhiteElo "2588"]
[BlackElo "2439"]
[Annotator "ChessBase"]
[PlyCount "63"]
[EventDate "2018.07.27"]
[EventType "swiss"]
[EventCountry "IRI"]
[SourceTitle "playchess.com"]
[Source "ChessBase"]
[SourceQuality "1"]
[WhiteTeam "China"]
[BlackTeam "Iran"]
[WhiteTeamCountry "CHN"]
[BlackTeamCountry "IRI"]
[TimeControl "40/5400+30:1800+30"]

1. d4 {[%emt 0:00:00]} d5 {[%emt 0:00:23]} 2. c4 {[%emt 0:00:00]} e6 3. Nc3 {[%emt 0:03:00]} c6 {[%emt 0:00:20]} 4. e4 {[%emt 0:00:19]} dxe4 {[%emt 0:00:27]} 5. Nxe4 {[%emt 0:00:07]} Bb4+ {[%emt 0:00:05]} 6. Nc3 {[%emt 0:00:27]} c5 {[%emt 0:02:25]} 7. a3 {[%emt 0:02:14]} Bxc3+ {[%emt 0:06:35]} 8. bxc3 {[%emt 0:00:06]} Nf6 {[%emt 0:00:02]} 9. Nf3 {[%emt 0:05:07]} O-O {[%emt 0:06:10]} 10. Bd3 {[%emt 0:07:17]} Nbd7 {[%emt 0:10:05]} 11. O-O {[%emt 0:07:08]} Qc7 12. Re1 {[%emt 0:27:52]} b6 {[%emt 0:13:56]} 13. Ne5 {[%emt 0:02:04]} Bb7 {[%emt 0:01:42]} 14. Bf4 Nxe5 15. dxe5 Qc6 16. f3 Nd7 17. Bc2 Rad8 18. Qd3 f5 19. exf6 Nxf6 20. Qe2 Rde8 21. Rad1 Nh5 22. Be5 Nf4 23. Qe3 Ng6 24. Rd6 Qc7 25. Red1 Nxe5 26. Qxe5 Qf7 27. Rd7 Re7 28. Qc7 Rxd7 29. Rxd7 Qf6 30. Qxb7 Qxc3 31. Qe4 g6 32. Qxe6+ 1-0

[Event "Asian Nation Cup Open 2018"]
[Site "Hamedan"]
[Date "2018.07.28"]
[Round "1"]
[White "Idani, Pouya"]
[Black "Islam, Kh  Aminul"]
[Result "1-0"]
[WhiteElo "2583"]
[BlackElo "2293"]
[Annotator "ChessBase"]
[PlyCount "47"]
[EventDate "2018.07.27"]
[EventType "swiss"]
[EventCountry "IRI"]
[SourceTitle "playchess.com"]
[Source "ChessBase"]
[SourceQuality "1"]
[WhiteTeam "Iran"]
[BlackTeam "Bangladesh"]
[WhiteTeamCountry "IRI"]
[BlackTeamCountry "BAN"]
[TimeControl "40/5400+30:1800+30"]

1. e4 {[%emt 0:00:00]} e5 {[%emt 0:00:11]} 2. Nf3 {[%emt 0:00:00]} Nc6 {[%emt 0:00:10]} 3. Bb5 {[%emt 0:00:00]} a6 {[%emt 0:00:10]} 4. Ba4 {[%emt 0:00:00]} Nf6 {[%emt 0:00:06]} 5. O-O {[%emt 0:00:00]} b5 {[%emt 0:00:08]} 6. Bb3 {[%emt 0:00:00]} Bc5 {[%emt 0:00:07]} 7. a4 {[%emt 0:00:09]} Rb8 {[%emt 0:00:02]} 8. c3 {[%emt 0:00:04]} d6 {[%emt 0:00:10]} 9. d4 {[%emt 0:00:04]} Bb6 {[%emt 0:00:03]} 10. a5 {[%emt 0:00:03]} Ba7 11. h3 Bb7 {[%emt 0:01:37]} 12. Be3 {[%emt 0:06:14]} Ra8 {[%emt 0:00:09]} 13. dxe5 {[%emt 0:04:28]} Bxe3 {[%emt 0:03:21]} 14. exf6 {[%emt 0:00:16]} Bh6 {[%emt 0:00:24]} 15. fxg7 {[%emt 0:01:32]} Bxg7 {[%emt 0:01:59]} 16. Bd5 {[%emt 0:01:55]} O-O {[%emt 0:03:10]} 17. Nbd2 {[%emt 0:04:40]} Rb8 {[%emt 0:00:41]} 18. Re1 {[%emt 0:01:18]} Kh8 {[%emt 0:01:08]} 19. Nb3 {[%emt 0:02:45]} Qf6 {[%emt 0:05:42]} 20. Nbd4 {[%emt 0:02:41]} Ne7 {[%emt 0:02:43]} 21. Bxb7 {[%emt 0:01:30]} Rxb7 {[%emt 0:00:01]} 22. e5 {[%emt 0:01:12]} dxe5 {[%emt 0:03:18]} 23. Nxe5 {[%emt 0:00:24]} Rd8 {[%emt 0:11:03]} 24. Ng4 {[%emt 0:00:32]} 1-0

[Event "Asian Nation Cup Open 2018"]
[Site "Hamedan"]
[Date "2018.07.28"]
[Round "1"]
[White "Firouzja, Alireza"]
[Black "Ahmed, Sk  Nasir"]
[Result "1-0"]
[WhiteElo "2561"]
[BlackElo "2257"]
[Annotator "ChessBase"]
[PlyCount "61"]
[EventDate "2018.07.27"]
[EventType "swiss"]
[EventCountry "IRI"]
[SourceTitle "playchess.com"]
[Source "ChessBase"]
[SourceQuality "1"]
[WhiteTeam "Iran"]
[BlackTeam "Bangladesh"]
[WhiteTeamCountry "IRI"]
[BlackTeamCountry "BAN"]
[TimeControl "40/5400+30:1800+30"]

1. e4 {[%emt 0:00:00]} c5 {[%emt 0:00:13]} 2. Nf3 {[%emt 0:00:00]} e6 {[%emt 0:00:06]} 3. d4 {[%emt 0:00:00]} cxd4 {[%emt 0:00:06]} 4. Nxd4 {[%emt 0:00:03]} Nc6 {[%emt 0:00:09]} 5. Nc3 {[%emt 0:00:19]} d6 {[%emt 0:00:08]} 6. Be3 {[%emt 0:00:07]} Nf6 {[%emt 0:00:07]} 7. Qd2 {[%emt 0:00:05]} Be7 {[%emt 0:00:12]} 8. f3 {[%emt 0:00:00]} O-O {[%emt 0:00:30]} 9. O-O-O a6 10. g4 {[%emt 0:00:20]} Nxd4 {[%emt 0:00:00]} 11. Bxd4 {[%emt 0:00:09]} b5 {[%emt 0:00:03]} 12. g5 {[%emt 0:00:10]} Nd7 {[%emt 0:00:07]} 13. h4 {[%emt 0:00:08]} b4 {[%emt 0:00:14]} 14. Na4 {[%emt 0:01:01]} Rb8 {[%emt 0:03:56]} 15. b3 {[%emt 0:08:18]} Qc7 {[%emt 0:09:48]} 16. h5 {[%emt 0:03:46]} Nc5 17. Nb2 f5 {[%emt 0:49:44]} 18. gxf6 {[%emt 0:14:16]} Bxf6 {[%emt 0:00:03]} 19. h6 {[%emt 0:04:26]} g6 {[%emt 0:02:28]} 20. Nc4 {[%emt 0:04:00]} Be5 {[%emt 0:03:10]} 21. Nxe5 {[%emt 0:00:56]} dxe5 {[%emt 0:00:05]} 22. Bb2 {[%emt 0:02:37]} Bb7 23. Qg5 {[%emt 0:03:25]} Rbc8 {[%emt 0:03:21]} 24. Bc4 {[%emt 0:00:19]} Rxf3 {[%emt 0:02:38]} 25. Bxe5 {[%emt 0:00:21]} Qc6 {[%emt 0:00:34]} 26. Rhf1 {[%emt 0:00:51]} Qxe4 {[%emt 0:08:37]} 27. Rd8+ {[%emt 0:01:44]} Kf7 {[%emt 0:03:14]} 28. Rxf3+ {[%emt 0:00:15]} Qxf3 {[%emt 0:00:11]} 29. Bxe6+ {[%emt 0:00:18]} Nxe6 {[%emt 0:01:55]} 30. Rd7+ {[%emt 0:00:10]} Kg8 {[%emt 0:00:14]} 31. Qxg6+ {[%emt 0:00:06]} 1-0

[Event "Asian Nation Cup Open 2018"]
[Site "Hamedan"]
[Date "2018.07.28"]
[Round "1"]
[White "Ismagambetov, Anuar"]
[Black "Mohammed, Zozek Salah Mohamme"]
[Result "1/2-1/2"]
[WhiteElo "2529"]
[BlackElo "2261"]
[Annotator "TA"]
[PlyCount "56"]
[EventDate "2018.07.27"]
[EventType "swiss"]
[EventCountry "IRI"]
[SourceTitle "playchess.com"]
[Source "ChessBase"]
[SourceQuality "1"]
[WhiteTeam "Kazakhstan"]
[BlackTeam "Iraq"]
[WhiteTeamCountry "KAZ"]
[BlackTeamCountry "IRQ"]

{[%evp 31,35,0,0,-175,-188,-198]} 1. e4 c5 2. Nf3 d6 3. d4 cxd4 4. Nxd4 Nf6 5. Nc3 a6 6. Bg5 e6 7. f4 Qb6 8. Qd2 Qxb2 9. Rb1 Qa3 10. f5 Nc6 11. fxe6 fxe6 12. Nxc6 bxc6 13. e5 dxe5 14. Bxf6 gxf6 15. Ne4 Qxa2 16. Rd1 Be7 $1 {[#] LiveBook: 136 Games. Strongly threatening ...0-0.} 17. Qh6 $2 {B97: Sicilian Najdorf: Poisoned Pawn} (17. Be2 $11 {and White is okay.} O-O 18. O-O) (17. Be2 O-O 18. O-O f5 19. Qh6 Qxc2 20. Rf3 f4 21. Rh3 Rf7 22. Rhd3 Qxe2 23. Rd8+ Rf8 24. Nf6+ Kf7 25. Qxh7+ Kxf6 26. Qh6+ Kf7 27. Qh7+ Kf6 28. Qh6+ Kf7 29. Qh7+ {½-½ (29) Radjabov,T (2710)-Grischuk,A (2750) Moscow 2017}) 17... Qxc2 $19 18. Qh5+ {Predecessor:} Kf8 $146 19. Bd3 Qxg2 20. Nf2 Bc5 21. Rf1 Ke7 22. Qh4 Qg5 23. Qc4 Qe3+ 24. Be2 a5 25. Ng4 Qa3 26. Nxe5 Qb4+ 27. Rd2 fxe5 28. Qd3 Qd4 {0-1 (28) Juarez Flores,J (2245)-Rodas Martini,P (2300) Guatemala 1982} 1/2-1/2

[Event "Asian Nation Cup Open 2018"]
[Site "Hamedan"]
[Date "2018.07.28"]
[Round "1"]
[White "Yakubboev, Nodirbek"]
[Black "Adhiban, B."]
[Result "1/2-1/2"]
[WhiteElo "2512"]
[BlackElo "2671"]
[Annotator "TA"]
[PlyCount "66"]
[EventDate "2018.07.27"]
[EventType "swiss"]
[EventCountry "IRI"]
[SourceTitle "playchess.com"]
[Source "ChessBase"]
[SourceQuality "1"]
[WhiteTeam "Uzbekistan"]
[BlackTeam "India"]
[WhiteTeamCountry "UZB"]
[BlackTeamCountry "IND"]

{[%evp 11,66,6,6,13,40,43,54,45,49,50,50,54,50,15,18,0,0,0,18,16,35,6,56,61,72,0,0,0,0,0,0,0,0,-39,8,12,18,-68,-48,-54,262,258,254,0,533,0,0,0,29984,0,29992,0,300,232,1979,1774,29993]} 1. d4 Nf6 2. Bg5 c5 3. Bxf6 gxf6 4. d5 f5 5. c4 Bg7 6. Qc2 {A45: Damenbauernspiele (Trompowski-Angriff)} Qa5+ {LiveBook: 3 Partien} 7. Nc3 Bxc3+ (7... b5 {is interesting.} 8. cxb5 a6 9. e3 Bb7 10. Rd1 e6) 8. bxc3 {Weiß steht etwas besser.} d6 9. Nf3 Nd7 10. e3 Rg8 $146 ({Vorgänger:} 10... Nf6 11. Bd3 e6 12. O-O Bd7 {0-1 (39) Timerkhanov,A (2340)-Sjugirov,S (2660) St Petersburg 2016}) 11. g3 Nf6 12. Nd2 Bd7 13. Bg2 O-O-O 14. Rb1 h5 15. h4 Kb8 16. Rb2 a6 17. Qb3 {[%csl Gb2][%cal Rb3b7]} Qc7 18. Ke2 $40 {[%mdl 128] Weiss hat einigen Angriff.} (18. a4 $16) 18... Ka7 $11 19. a4 Rb8 20. Ra1 b6 21. Nb1 {[%cal Bd2b1,Bb1a3,Ba3b5][%mdl 32]} Ng4 22. Bf3 Rh8 23. Na3 Ne5 24. Qa2 ({Günstiger ist} 24. Nb5+ $11 Bxb5 25. cxb5) 24... Nxf3 ({Falsch wäre} 24... Bxa4 $2 25. Nc2 $18) 25. Kxf3 Rbg8 $2 {[%mdl 8192] [#]} (25... e5 $15 {behält die Oberhand.}) 26. Nb5+ $1 $18 {[%mdl 512]} Bxb5 {[#]} (26... axb5 27. axb5+) 27. Rxb5 $2 ({Lieber nicht} 27. cxb5 a5 $11) (27. a5 $1 $18 {[%cal Ra5b6]} Rb8 28. cxb5) 27... Qd7 $2 {[%mdl 8192] [#]} (27... Ra8 $11 28. Rb3 a5) 28. Rb2 $2 ({Weiss braucht} 28. a5 $1 $18 {[%cal Ra5b6]} Ra8 29. axb6+ Kb8 30. Ra5) 28... Rg4 $11 29. Rab1 a5 $2 {[%mdl 8192]} (29... Rb8 $11) 30. Rb5 $2 (30. Rxb6 e5 31. Qb2 Rb8 32. Rxb8 Rxg3+ 33. fxg3 e4+ 34. Kg2 Qc7 35. Rb7+ Ka8 36. Rxc7 f6 37. Qb8#) 30... e6 $2 {[%mdl 8192]} (30... Rb8 $11) 31. dxe6 $2 (31. Rxb6 {setzt Matt} Rg7 32. Qb3 Rb8 33. Rxb8 Rxg3+ 34. fxg3 Qc7 35. Rb7+ Ka8 36. Rxc7 exd5 37. Qb8#) 31... Qc6+ $2 {[%mdl 8192]} (31... Qb7+ $1 $11 {und Schwarz steht sicher.} 32. Ke2 fxe6) 32. Ke2 $18 Rxg3 $2 (32... fxe6 33. Qb2 (33. Rxb6 Qxb6 34. Rxb6 Kxb6 $11) 33... Rb8) 33. Qb3 Rgg8 {[%mdl 32768] Precision: Weiß = 48%, Schwarz = 40%. . An unexpected result.} 1/2-1/2

[Event "Asian Nation Cup Open 2018"]
[Site "Hamedan"]
[Date "2018.07.28"]
[Round "1"]
[White "Sindarov, Javokhir"]
[Black "Ganguly, Surya Shekhar"]
[Result "1-0"]
[WhiteElo "2474"]
[BlackElo "2652"]
[Annotator "TA"]
[PlyCount "47"]
[EventDate "2018.07.27"]
[EventType "swiss"]
[EventCountry "IRI"]
[SourceTitle "playchess.com"]
[Source "ChessBase"]
[SourceQuality "1"]
[WhiteTeam "Uzbekistan"]
[BlackTeam "India"]
[WhiteTeamCountry "UZB"]
[BlackTeamCountry "IND"]

{[%evp 32,47,0,0,0,0,0,0,0,0,48,49,60,60,78,74,100,102]} 1. e4 e5 2. Nf3 Nc6 3. d4 exd4 4. Nxd4 Nf6 5. Nxc6 bxc6 6. e5 Qe7 7. Qe2 Nd5 8. c4 Ba6 9. b3 g6 10. Bb2 Bg7 11. g3 O-O 12. Bg2 Rfe8 13. O-O {C45: Scotch Game} Bxe5 14. Qxe5 Qxe5 15. Bxe5 Rxe5 16. cxd5 Bxf1 17. Kxf1 {LiveBook: 20 Games} cxd5 18. f4 (18. Na3 c6 19. Rd1 Kf8 20. Bf3 a5 {½-½ (48) Salgado Lopez,I (2644)-Eljanov,P (2711) Riadh 2017}) 18... Re3 19. Bxd5 c6 {[#]} 20. Bf3 $1 {[%mdl 512] [#]} Rxf3+ $146 ({Predecessor:} 20... Rae8) 21. Ke2 Re8+ 22. Kxf3 {aiming for Nd2.} Re1 23. Kf2 Rh1 24. Kg2 1-0

[Event "Asian Nation Cup Open 2018"]
[Site "Hamedan"]
[Date "2018.07.28"]
[Round "1"]
[White "Hossain, Enamul"]
[Black "Maghsoodloo, Parham"]
[Result "0-1"]
[WhiteElo "2473"]
[BlackElo "2636"]
[Annotator "RC"]
[PlyCount "98"]
[EventDate "2018.07.27"]
[EventType "swiss"]
[EventCountry "IRI"]
[SourceTitle "playchess.com"]
[Source "ChessBase"]
[SourceQuality "1"]
[WhiteTeam "Bangladesh"]
[BlackTeam "Iran"]
[WhiteTeamCountry "BAN"]
[BlackTeamCountry "IRI"]
[TimeControl "40/5400+30:1800+30"]

1. e4 {[%emt 0:00:00]} c5 {[%emt 0:00:07]} 2. Nf3 {[%emt 0:00:00]} Nc6 {[%emt 0:00:14]} 3. d4 {[%emt 0:00:22]} cxd4 {[%emt 0:00:07]} 4. Nxd4 {[%emt 0:00:04]} Nf6 {[%emt 0:00:05]} 5. Nc3 {[%emt 0:00:08]} d6 {[%emt 0:00:04]} 6. Bg5 {[%emt 0:00:26]} e6 {[%emt 0:00:00]} 7. Qd2 {[%emt 0:00:30]} a6 {[%emt 0:00:00]} 8. O-O-O {[%emt 0:00:07]} Bd7 {[%emt 0:00:18]} 9. f3 {[%emt 0:00:55]} Be7 {[%emt 0:06:13]} 10. h4 {[%emt 0:02:19]} h6 {[%emt 0:00:44]} 11. Be3 {[%emt 0:00:10]} h5 {[%emt 0:00:06]} 12. Kb1 {[%emt 0:00:27]} b5 {[%emt 0:03:44]} 13. Nxc6 {[%emt 0:01:40]} Bxc6 {[%emt 0:00:10]} 14. Ne2 {[%emt 0:02:28]} Qc7 {[%emt 0:03:50]} 15. Nd4 {[%emt 0:00:43]} Bd7 {[%emt 0:00:09]} 16. Bg5 {[%emt 0:04:43]} Rb8 {[%emt 0:10:04]} 17. Nb3 {[%emt 0:07:30]} e5 {[%emt 0:04:08]} 18. g3 {[%emt 0:03:24]} Be6 {[%emt 0:09:30]} 19. Bh3 {[%emt 0:03:19]} Rd8 {[%emt 0:02:35]} 20. Bxe6 {[%emt 0:18:44]} fxe6 {[%emt 0:00:15]} 21. Rhe1 {[%emt 0:04:24]} O-O {[%emt 0:00:37]} 22. Qe2 {[%emt 0:08:22]} Rc8 {[%emt 0:07:04]} 23. Rd3 {[%emt 0:04:05]} a5 {[%emt 0:10:35]} 24. Rc3 {[%emt 0:05:32]} Qb6 {[%emt 0:00:41]} 25. Rxc8 {[%emt 0:01:07]} Rxc8 {[%emt 0:00:06]} 26. Nc1 {[%emt 0:00:46]} b4 {[%emt 0:03:56]} 27. f4 {[%emt 0:01:55]} exf4 {[%emt 0:00:50]} 28. gxf4 {[%emt 0:00:34]} Qc7 {[%emt 0:01:06]} 29. Nd3 {[%emt 0:11:02]} Ng4 {[%emt 0:02:37]} 30. Rc1 {[%emt 0:05:39]} Bxg5 {[%emt 0:05:50]} 31. hxg5 {[%emt 0:00:25]} Qf7 {[%emt 0:00:45]} 32. Rf1 {[%emt 0:02:15]} g6 {[%emt 0:00:27]} 33. b3 Rf8 {[%emt 0:04:23]} 34. Rd1 {[%emt 0:03:26]} Qe7 {[%emt 0:02:17]} 35. Rf1 {[%emt 0:03:33]} e5 {[%emt 0:01:13]} 36. fxe5 {[%emt 0:00:57]} Rxf1+ {[%emt 0:00:16]} 37. Qxf1 {[%emt 0:00:01]} dxe5 {[%emt 0:00:01]} 38. Qc1 {[%emt 0:03:01]} Kg7 {[%emt 0:03:24]} 39. Qd2 {[%emt 0:02:47]} Qd8 {[%emt 0:00:44]} 40. Qc1 {[%emt 0:01:18]} h4 {[%emt 0:40:05]} 41. Qg1 {[%emt 0:16:03]} Qxg5 {[%emt 0:00:30]} 42. Nc5 {[%emt 0:00:30]} Kf7 {[%emt 0:00:30]} 43. Qf1+ {[%emt 0:00:30]} Qf6 {[%emt 0:00:30]} 44. Qe2 Nh6 {[%emt 0:00:00]} 45. Qd2 {[%emt 0:09:10]} Kg7 {[%emt 0:00:00]} 46. Qd7+ {[%emt 0:00:24]} Nf7 {[%emt 0:00:00]} 47. Ne6+ {[%emt 0:01:01]} Kh6 {[%emt 0:00:00]} 48. Nf8 {[%emt 0:01:47]} Ng5 {[%emt 0:00:00]} 49. Qe8 {[%emt 0:01:13]} Qf7 {[%emt 0:00:00]} 0-1

[Event "Asian Nation Cup Open 2018"]
[Site "Hamedan"]
[Date "2018.07.28"]
[Round "1"]
[White "Tahbaz, Arash"]
[Black "Zhou, Jianchao"]
[Result "1/2-1/2"]
[WhiteElo "2449"]
[BlackElo "2621"]
[Annotator "TA"]
[PlyCount "73"]
[EventDate "2018.07.27"]
[EventType "swiss"]
[EventCountry "IRI"]
[SourceTitle "playchess.com"]
[Source "ChessBase"]
[SourceQuality "1"]
[WhiteTeam "Iran"]
[BlackTeam "China"]
[WhiteTeamCountry "IRI"]
[BlackTeamCountry "CHN"]

{[%evp 18,73,14,0,9,16,19,-3,0,0,6,-4,1,0,6,-21,-6,-10,-12,-27,-31,-36,-28,-31,-25,-35,-31,-24,-34,-53,-24,-24,-24,-25,-26,-31,-30,-43,-31,-47,-12,-37,-10,-10,-10,-10,-10,-10,-10,-10,-10,-10,-10,-10,-10,-162,-95,-135]} 1. d4 Nf6 2. Nf3 e6 3. Bf4 b6 4. e3 Bb7 5. Nbd2 Be7 6. h3 O-O 7. Bd3 c5 8. c3 Nc6 9. O-O d5 10. Ne5 {LiveBook: 18 Games. D02: 1 d4 d5 2 Nf3 sidelines, including 2...Nf6 3 g3 and 2...Nf6 3 Bf4} (10. Re1 Bd6 11. Bxd6 Qxd6 12. e4 dxe4 13. Nxe4 Nxe4 14. Bxe4 Rad8 15. dxc5 Qxc5 16. Qe2 Rd6 17. Rad1 Rfd8 18. Rxd6 Rxd6 {½-½ (30) Safarli,E (2633)-Salgado Lopez,I (2627) Linares 2017}) 10... c4 11. Bc2 b5 12. Bg5 $146 {The position is equal.} ({Predecessor:} 12. g4 Rc8 13. g5 Ne4 14. Nxe4 Nxe5 15. Nf6+ gxf6 16. gxf6 Ng6 17. fxe7 Qxe7 {1-0 (33) Englert,F (2391)-De Seroux,C (2125) Ballerup 2016}) 12... Ne8 13. Bxe7 (13. Qh5 {is more complex.} g6 14. Bxe7 Qxe7 15. Qh6 Nd6 16. Rae1) 13... Qxe7 14. e4 (14. Qh5 {feels hotter.} h6 15. Ng4 f5 16. Ne5 Nf6 17. Qh4) 14... Nxe5 15. dxe5 Rd8 16. exd5 Bxd5 17. Nf3 Nc7 18. Qe2 Bxf3 19. Qxf3 Rd2 20. Qe4 {[%csl Gc2][%cal Re4h7] [#]} g6 21. Rad1 Rfd8 22. Rxd2 Rxd2 23. Rd1 Qg5 24. g3 $1 Rd5 25. Rxd5 exd5 26. Qe1 Ne6 27. h4 Qd8 28. Qe3 d4 (28... a5 {seems wilder.} 29. Qa7 d4 30. cxd4 Nxd4 31. Be4 Ne6) 29. cxd4 Qxd4 30. Qxd4 Nxd4 $11 {[%mdl 4096] Endgame KB-KN} 31. Be4 b4 32. Kf1 $1 c3 33. bxc3 $1 bxc3 {[#] Strongly threatening ...c2.} 34. Ke1 f6 35. Bd5+ Kg7 36. e6 $2 (36. exf6+ $1 $11 {and White stays safe.} Kxf6 37. Kd1) 36... Kf8 $19 37. Bc4 {Precision: White = 43%, Black = 74%.} 1/2-1/2